000 00780nam a22001935i 4500
001 167870
003 ES-MaACL
005 20230906213619.0
008 050929s1866 xxk | |||||||| ||eng d
040 _aCAM
_bspa
_cCAM
100 1 _aWatson, Robert Grant.
_9133885
245 1 2 _aA history of Persia
_b: from the beginning of the Nineteenth Century to the year 1858: with a Reviw of the principal events that led to the establishment of the Kajar Dynasty /
_cby Robert Grant Watson.
260 _aLondon :
_bSmith, Elder and Co.,
_c1866.
300 _aIX, 465 p. ;
_c23 cm.
651 4 _aPersia-
_xHistoria-
_z1801-1858.
_9137308
710 2 _aSmith, Elder and Co.,
_eed.
_9134864
752 _aGran BretaƱa -
_dLondres
852 _aES-MaACL
_jB-355
_z-- Enc. tela azul grabada
999 _c167870
_d167870